000 00307nam a2200121Ia 4500
008 140130s9999 xx 000 0 und d
245 _cMicucci, Charles
_aThe life and the times of the peanut
260 _bScholastic,
_c1997
440 _v1
521 _aGrade 5 - Grade 8
942 _cBK
999 _c41326
_d41326